La validez del test W.I.S.C. en el diagnóstico y pronóstico de problemas de aprendizaje relacionados con la lectura y la escritura /

Sparad:
Bibliografiska uppgifter
Huvudupphov: Ochoa Ochoa, María Elena (autor)
Övriga upphov: Martínez Gómez, María Estela (autor) (autor)
Materialtyp: Avhandling Bok
Språk:spanska
Utgiven: Guadalajara, México : edición de autor, 1976
Ämnen:
Taggar: Lägg till en tagg
Inga taggar, Lägg till första taggen!

MARC

LEADER 00000nam^a2200000^a^4500
001 000044388
005 20250521000000.0
009 20260526115017.197
037 |a Acervo ITESO - Biblioteca 
041 |a ESP 
090 |a PSI. 68 
100 |a Ochoa Ochoa, María Elena  |e (autor) 
245 1 3 |a La validez del test W.I.S.C. en el diagnóstico y pronóstico de problemas de aprendizaje relacionados con la lectura y la escritura /  |c M.E. Ochoa Ochoa, M.E. Martínez Gómez. 
264 1 |a Guadalajara, México :  |b edición de autor,  |c 1976 
300 |a 87 p. 
336 |a texto  |b txt  |2 rdacontenido 
337 |a sin mediación  |b n  |2 rdamedio 
338 |a volumen  |b nc  |2 rdasoporte 
502 |a ITESO Tesis de Licenciatura en Psicología 
649 |a XX 
650 |a Problemas de Lectoescritura -  |x Diagnóstico -  |x Tema Principal 
650 |a Problemas de Aprendizaje 
650 |a Aprendizaje 
650 |a Pruebas Psicológicas 
650 |a Psicometría 
650 |a Psicología Educativa 
650 |a Psicología Diferencial 
700 |a Martínez Gómez, María Estela  |e (autor) 
910 |a Fondo General 
920 |a Impresos - Tesis del ITESO 
930 |a Colección General 
905 |a 104 
901 |a T011470100  |b IT2  |c TSS  |i 801147  |u 20250521 
902 |a https://opac.biblio.iteso.mx/vufind/Record/000044388